Air traffic control : hearings before the Subcommittee on Investigations of the Committee on Post Office and Civil Service, House of Representatives, Ninety-sixth Congress, second session, September 30, 1980.

Bibliographic Details
Corporate Authors: United States. Congress. House. Committee on Post Office and Civil Service. Subcommittee on Investigations, ProQuest (Firm)
Format: Government Document eBook
Language:English
Published: Washington : U.S. G.P.O., 1980.
Series:U.S. Congressional Hearings.
Subjects:
Online Access:Connect to the full text of this electronic book

MARC

Tag First Indicator Second Indicator Subfields
LEADER 00000cam a22000001a 4500
001 in00003208939
006 m d f
007 cr bn mmmapmmp
008 100323s1980 dcu o f000 0 eng d
005 20260504145903.4
035 |a cis2007493519 
040 |a UMI  |c UMI  |d UtOrBLW 
043 |a n-us--- 
074 |a 1022 
086 0 |a Y 4.P 84/10:96-111 
088 |a Serial 96-111 (United States. States. Congress. House. Committee Post Office and Civil Service) 
099 |a HRG-1980-POH-0037 
110 1 |a United States.  |b Congress.  |b House.  |b Committee on Post Office and Civil Service.  |b Subcommittee on Investigations. 
245 1 0 |a Air traffic control :  |b hearings before the Subcommittee on Investigations of the Committee on Post Office and Civil Service, House of Representatives, Ninety-sixth Congress, second session, September 30, 1980. 
264 1 |a Washington :  |b U.S. G.P.O.,  |c 1980. 
300 |a 1 online resource. 
336 |a text  |b txt  |2 rdacontent 
337 |a computer  |b c  |2 rdamedia 
338 |a online resource  |b cr  |2 rdacarrier 
500 |a Record is based on bibliographic data in ProQuest Congressional Hearings Digital Collection. Reuse except for individual research requires license from ProQuest, LLC. 
538 |a System requirements: PDF reader software. 
500 |a Electronic resource. 
650 0 |a Strikes and lockouts  |x Airlines  |z United States. 
650 0 |a Air traffic controllers  |z United States. 
655 7 |a Electronic books.  |2 local 
710 2 |a ProQuest (Firm) 
776 0 8 |i Print version:   |a United States. Congress. House. Committee on Post Office and Civil Service. Subcommittee on Investigations  |t Air traffic control  |w (OCoLC)7124761 81021  |w gp 81003102 
776 0 8 |i Microfiche version:   |a United States. Congress. House. Committee on Post Office and Civil Service. Subcommittee on Investigations  |t Air traffic control.  |d [Bethesda, Md.] : ProQuest,[2004]  |o CIS 81 H621-11  |w (ProQuest)cis08101123 
830 0 |a U.S. Congressional Hearings. 
856 4 0 |u http://proxy.library.tamu.edu/login?url=https://congressional.proquest.com/congcomp/getdoc?HEARING-ID=HRG-1980-POH-0037  |z Connect to the full text of this electronic book  |t 0 
998 |a cis08101123 
999 |a MARS 
999 f f |s be8a8ca0-6d82-338f-9a36-f09a03d2cb20  |i 17c0d255-c527-3b2a-ba17-37d41e0519ed  |t 0 
952 f f |a Texas A&M University  |b College Station  |c Electronic Resources  |s www_evans  |d Available Online  |t 0  |e HRG-1980-POH-0037  |h Other scheme 
998 f f |a HRG-1980-POH-0037  |t 0  |l Available Online